| 000 | 00815cam a22002174a 4500 | ||
|---|---|---|---|
| 005 | 20250605164016.0 | ||
| 008 | 250528s ||||||||||||||||||||||||d | ||
| 035 | _a16167 | ||
| 020 | _a805826343 | ||
| 040 |
_aGR-AtMCL _bgre _dGR-AtMCL _eAACR2 |
||
| 245 | 1 | _aWhat If There Were No Significance Tests? | |
| 260 |
_bLawrence Erlbaum Associates, Publishers, _c1997 |
||
| 300 | _a454 | ||
| 520 | _aAcknowledgements, Reviewers, Preface, Overview, The Debate: Against and for Significance Testing, Suggested Alternatives to Significance Testing, A Bayesian Perspective on Hypothesis Testing, Philosophy of Science Issues, Author and Subject Index. | ||
| 700 | 1 |
_aHarlow Lisa L _92215 |
|
| 700 | 1 |
_aMulaik Stanley A _92216 |
|
| 700 | 1 |
_aSteiger James H _92217 |
|
| 942 | _cBK | ||
| 999 |
_c1702 _d1702 |
||